[Event "Titled Tuesday intern op 20th Feb Early"]
[Site "Chess.com INT"]
[Date "2024.02.20"]
[Round "7"]
[White "Biriukov, Ilja"]
[Black "Ballotti, Luca"]
[Result "0-1"]
[WhiteElo "2311"]
[BlackElo "2172"]
[PlyCount "50"]
[EventDate "2024.02.20"]
[EventType "swiss (blitz)"]
[EventRounds "11"]
[EventCountry "USA"]
[SourceTitle "EXT 2025"]
[Source "ChessBase"]
[SourceDate "2024.10.14"]
[SourceVersion "1"]
[SourceVersionDate "2024.10.14"]
[SourceQuality "1"]

1. d4 Nf6 2. Nc3 d5 3. Bf4 e6 4. Qd2 c5 5. e3 a6 6. 0-0-0 Nc6 7. f3 Bd6 8. Nh3 0-0 9. g4 b5 10. g5 Nh5 11. Bxd6 Qxd6 12. dxc5 Qxc5 13. Nf4 Nxf4 14. exf4 Bb7 15. Bd3 Nb4 16. h4 Nxd3+ 17. Qxd3 b4 18. Ne2 a5 19. h5 Ba6 20. Qd2 Rac8 21. Nd4 a4 22. h6 g6 23. Qe3 Rfd8 24. Qe5 Qf8 25. Rd3 Bxd3 0-1

[Event "Titled Tuesday intern op 20th Feb Early"]
[Site "Chess.com INT"]
[Date "2024.02.20"]
[Round "1"]
[White "Biriukov, Ilja"]
[Black "Shubenkova, Veronika"]
[Result "0-1"]
[WhiteElo "2311"]
[BlackElo "2007"]
[PlyCount "138"]
[EventDate "2024.02.20"]
[EventType "swiss (blitz)"]
[EventRounds "11"]
[EventCountry "USA"]
[SourceTitle "EXT 2025"]
[Source "ChessBase"]
[SourceDate "2024.10.14"]
[SourceVersion "1"]
[SourceVersionDate "2024.10.14"]
[SourceQuality "1"]

1. d4 d5 2. Nc3 e6 3. Bf4 Bd6 4. Qd2 f5 5. g4 Nf6 6. g5 Ne4 7. Nxe4 fxe4 8. f3 exf3 9. Nxf3 0-0 10. Bxd6 Qxd6 11. 0-0-0 Nd7 12. Bh3 b6 13. Qe3 Re8 14. Ne5 Nxe5 15. dxe5 Qe7 16. g6 h6 17. Rhf1 Ba6 18. Rf7 Qh4 19. Rdf1 c5 20. R1f2 Qh5 21. Qf4 Qxg6 22. Bg4 Qg5 23. Qxg5 hxg5 24. Rd7 Rad8 25. Rxa7 Ra8 26. Rc7 Rac8 27. Ra7 Ra8 28. Rc7 Rf8 29. Bxe6+ Kh7 30. Bf5+ Kh6 31. Rf3 g4 32. Bxg4 Rxf3 33. Bxf3 Re8 34. Bxd5 Rxe5 35. Bf3 Bxe2 36. Bxe2 Rxe2 37. Rc6+ Kh5 38. Rxb6 Rxh2 39. Rc6 g5 40. Rxc5 Rf2 41. b4 Kh4 42. b5 g4 43. b6 Rf6 44. Rb5 g3 45. b7 g2 46. b8Q g1Q+ 47. Kb2 Qd4+ 48. c3 Rf2+ 49. Kb3 Qd1+ 50. Kb4 Rb2+ 51. Kc5 Qg1+ 52. Kc6 Qg2+ 53. Kb6 Rxb5+ 54. Kxb5 Qb2+ 55. Kc6 Qxb8 56. c4 Kg5 57. c5 Qa8+ 58. Kd6 Qxa2 59. c6 Qa8 60. Kd7 Kf6 61. c7 Qd5+ 62. Kc8 Ke7 63. Kb8 Qb5+ 64. Ka8 Qa6+ 65. Kb8 Qb6+ 66. Ka8 Qc6+ 67. Kb8 Kd7 68. Ka7 Qxc7+ 69. Ka8 Qc1 0-1

[Event "Titled Tuesday intern op 06th Feb Early"]
[Site "Chess.com INT"]
[Date "2024.02.06"]
[Round "3"]
[White "Biriukov, Ilja"]
[Black "Sargissyan, Sargis"]
[Result "0-1"]
[WhiteElo "2311"]
[BlackElo "2275"]
[PlyCount "78"]
[EventDate "2024.02.06"]
[EventType "swiss (blitz)"]
[EventRounds "11"]
[EventCountry "USA"]
[SourceTitle "CBM 218 Extra"]
[Source "ChessBase"]
[SourceDate "2024.03.31"]
[SourceVersion "1"]
[SourceVersionDate "2024.03.31"]
[SourceQuality "1"]

1. d4 Nf6 2. Nc3 g6 3. Bf4 d5 4. h4 h5 5. Qd2 Bg7 6. 0-0-0 Nbd7 7. f3 a6 8. e4 Nb6 9. Nh3 Bxh3 10. gxh3 e6 11. Bg5 Qd7 12. e5 Ng8 13. f4 Ne7 14. Bd3 Rc8 15. Kb1 c5 16. dxc5 Rxc5 17. Qf2 Qc7 18. Rhe1 Nc4 19. Bxc4 Rxc4 20. Rd2 Nf5 21. Qa7 0-0 22. Rc1 Rc8 23. Qf2 Bf8 24. Nd1 d4 25. c3 b5 26. Qe2 b4 27. b3 Rxc3 28. Nxc3 bxc3 29. Rdc2 Ba3 30. Qd3 Bxc1 31. Kxc1 a5 32. Bf6 a4 33. Kb1 axb3 34. axb3 Rb8 35. Kc1 Rxb3 36. Kd1 Ne3+ 37. Ke2 Nxc2 38. Qxc2 Rb2 39. Kd3 Rxc2 0-1

[Event "Titled Tuesday intern op 06th Feb Early"]
[Site "Chess.com INT"]
[Date "2024.02.06"]
[Round "2"]
[White "Biriukov, Ilja"]
[Black "Spitzl, Vinzent"]
[Result "0-1"]
[WhiteElo "2311"]
[BlackElo "2365"]
[PlyCount "73"]
[EventDate "2024.02.06"]
[EventType "swiss (blitz)"]
[EventRounds "11"]
[EventCountry "USA"]
[SourceTitle "CBM 218 Extra"]
[Source "ChessBase"]
[SourceDate "2024.03.31"]
[SourceVersion "1"]
[SourceVersionDate "2024.03.31"]
[SourceQuality "1"]

1. d4 Nf6 2. Nc3 d5 3. Bf4 c5 4. e3 a6 5. Qd2 Nc6 6. 0-0-0 e6 7. f3 cxd4 8. exd4 Bd6 9. g4 b5 10. Nh3 0-0 11. Rg1 b4 12. Na4 a5 13. g5 Ne8 14. Nc5 Bxc5 15. dxc5 e5 16. Bg3 Nc7 17. f4 e4 18. Nf2 Bf5 19. Bh3 Qd7 20. Bxf5 Qxf5 21. Qe2 Rfe8 22. Qg4 Qxg4 23. Nxg4 d4 24. Ne5 Nxe5 25. fxe5 Ne6 26. h4 Rac8 27. Rge1 e3 28. Kb1 Rxc5 29. Rd3 Rec8 30. Re2 Kf8 31. b3 Ke7 32. Kb2 Rc3 33. a3 Rxd3 34. cxd3 Rc3 35. axb4 axb4 36. h5 Rxd3 37. g6 0-1

[Event "Titled Tuesday intern op 23rd Jan Early"]
[Site "Chess.com INT"]
[Date "2024.01.23"]
[Round "1"]
[White "Biriukov, Ilja"]
[Black "Belov, Alexei"]
[Result "0-1"]
[WhiteElo "2311"]
[BlackElo "2421"]
[PlyCount "82"]
[EventDate "2024.01.23"]
[EventType "swiss (blitz)"]
[EventRounds "11"]
[EventCountry "USA"]
[SourceTitle "EXT 2025"]
[Source "ChessBase"]
[SourceDate "2024.10.14"]
[SourceVersion "1"]
[SourceVersionDate "2024.10.14"]
[SourceQuality "1"]

1. d4 d5 2. Nc3 e6 3. Bf4 Bd6 4. Qd2 Nf6 5. 0-0-0 b6 6. f3 Bb7 7. g4 h6 8. h4 Nbd7 9. Bxd6 cxd6 10. Nb5 Qb8 11. Qb4 Ke7 12. Nh3 a6 13. Na3 b5 14. e3 Bc6 15. Qd2 b4 16. Nb1 a5 17. g5 hxg5 18. hxg5 Nh5 19. Bd3 a4 20. e4 b3 21. a3 dxe4 22. fxe4 Ng3 23. Rh2 Nxe4 24. Qf4 bxc2 25. Bxc2 Qc7 26. Bxe4 Bxe4+ 27. Nc3 Bf5 28. Nf2 Qc4 29. Rxh8 Rxh8 30. Nfe4 Qc6 31. d5 Qb6 32. dxe6 fxe6 33. Rxd6 Rh1+ 34. Rd1 Rxd1+ 35. Nxd1 Qd4 36. Ndc3 Ne5 37. Qh4 Nd3+ 38. Kb1 Nc5 39. Qh5 Nxe4 40. Nxe4 Qxe4+ 41. Ka2 Qb1# 0-1

[Event "Titled Tuesday intern op 23rd Jan Early"]
[Site "Chess.com INT"]
[Date "2024.01.23"]
[Round "2"]
[White "Biriukov, Ilja"]
[Black "Garcia Almaguer, Juan Manuel"]
[Result "1-0"]
[WhiteElo "2311"]
[BlackElo "2126"]
[PlyCount "85"]
[EventDate "2024.01.23"]
[EventType "swiss (blitz)"]
[EventRounds "11"]
[EventCountry "USA"]
[SourceTitle "EXT 2025"]
[Source "ChessBase"]
[SourceDate "2024.10.14"]
[SourceVersion "1"]
[SourceVersionDate "2024.10.14"]
[SourceQuality "1"]

1. d4 Nf6 2. Nc3 d5 3. Bf4 e6 4. Qd2 c5 5. e3 a6 6. 0-0-0 Nc6 7. f3 cxd4 8. exd4 Bb4 9. a3 Bd6 10. g4 Qc7 11. Nh3 0-0 12. Bxd6 Qxd6 13. Nf4 Rd8 14. g5 Nd7 15. h4 Nb6 16. h5 Nxd4 17. Qxd4 e5 18. Qd3 exf4 19. g6 fxg6 20. hxg6 Qxg6 21. Qd4 Bf5 22. Rg1 Qh6 23. Bd3 Bxd3 24. Qxd3 Qe6 25. Rde1 Qf6 26. Rh1 g6 27. Rh6 Rac8 28. Reh1 Rc7 29. Ne2 Nc4 30. c3 d4 31. Nxd4 Ne3 32. Kb1 Rcd7 33. Qe4 Re7 34. Qd3 Nf5 35. R6h2 Nxd4 36. cxd4 Rxd4 37. Qb3+ Kh8 38. Rh6 Red7 39. Ka2 Rd2 40. R1h2 a5 41. Rxd2 Rxd2 42. Qxb7 Rd8 43. Qxh7# 1-0

[Event "Titled Tuesday intern op 02nd Jan Early"]
[Site "Chess.com INT"]
[Date "2024.01.02"]
[Round "5"]
[White "Biriukov, Ilja"]
[Black "Bindrich, Falko"]
[Result "0-1"]
[WhiteElo "2311"]
[BlackElo "2584"]
[PlyCount "60"]
[EventDate "2024.01.02"]
[EventType "swiss (blitz)"]
[EventRounds "11"]
[EventCountry "USA"]
[SourceTitle "EXT 2025"]
[Source "ChessBase"]
[SourceDate "2024.10.14"]
[SourceVersion "1"]
[SourceVersionDate "2024.10.14"]
[SourceQuality "1"]

1. d4 d5 2. Nc3 Nf6 3. Bf4 a6 4. Qd2 e6 5. f3 c5 6. e3 Nc6 7. g4 b5 8. h4 Bb7 9. h5 h6 10. Nh3 Nd7 11. 0-0-0 Nb6 12. g5 b4 13. Nb1 Rc8 14. dxc5 Bxc5 15. e4 Nd4 16. Bg2 Nxc2 17. Qxc2 Bd6 18. Bxd6 Rxc2+ 19. Kxc2 Qxd6 20. Nd2 0-0 21. gxh6 gxh6 22. Rhg1 Kh7 23. f4 Rc8+ 24. Kb1 Qc5 25. Rc1 Qe3 26. Nb3 Rxc1+ 27. Rxc1 Nc4 28. f5 Qd3+ 29. Ka1 Qe2 30. fxe6 Qxb2# 0-1

[Event "Titled Tuesday intern op 26th Dec Early"]
[Site "Chess.com INT"]
[Date "2023.12.26"]
[Round "3"]
[White "Biriukov, Ilja"]
[Black "Budhidharma, Nayaka"]
[Result "0-1"]
[WhiteElo "2311"]
[BlackElo "2166"]
[PlyCount "46"]
[EventDate "2023.12.26"]
[EventType "swiss (blitz)"]
[EventRounds "11"]
[EventCountry "USA"]
[SourceTitle "EXT 2025"]
[Source "ChessBase"]
[SourceDate "2024.10.14"]
[SourceVersion "1"]
[SourceVersionDate "2024.10.14"]
[SourceQuality "1"]

1. d4 Nf6 2. Nc3 c5 3. dxc5 e6 4. e4 Bxc5 5. e5 Ng8 6. Nf3 Ne7 7. Bd3 d5 8. 0-0 Nbc6 9. Bg5 h6 10. Bh4 g5 11. Bg3 a6 12. a3 Ba7 13. Ne2 Bd7 14. c4 Qb6 15. b4 dxc4 16. Bxc4 0-0-0 17. Rc1 Kb8 18. Qb3 Nf5 19. Rfd1 Nxg3 20. Nxg3 Qxf2+ 21. Kh1 Bc8 22. Rc2 Rxd1+ 23. Bf1 Rxf1+ 0-1

[Event "Titled Tuesday intern op 26th Dec Early"]
[Site "Chess.com INT"]
[Date "2023.12.26"]
[Round "10"]
[White "Biriukov, Ilja"]
[Black "Rees, Ioan"]
[Result "0-1"]
[WhiteElo "2311"]
[BlackElo "2273"]
[PlyCount "66"]
[EventDate "2023.12.26"]
[EventType "swiss (blitz)"]
[EventRounds "11"]
[EventCountry "USA"]
[SourceTitle "EXT 2025"]
[Source "ChessBase"]
[SourceDate "2024.10.14"]
[SourceVersion "1"]
[SourceVersionDate "2024.10.14"]
[SourceQuality "1"]

1. d4 d5 2. Nc3 Nf6 3. Bf4 c6 4. Qd2 Bf5 5. 0-0-0 h6 6. f3 e6 7. g4 Bh7 8. h4 Bb4 9. a3 Bxc3 10. Qxc3 Nbd7 11. g5 Nh5 12. Be3 Ng3 13. Rh3 Nxf1 14. Rxf1 Bf5 15. Rg3 h5 16. Bf4 Qb6 17. Qb4 Qxb4 18. axb4 a5 19. bxa5 Rxa5 20. Kd2 Ra2 21. Kc3 0-0 22. Bd6 Rfa8 23. Ba3 R2xa3+ 24. bxa3 Rxa3+ 25. Kd2 Nb6 26. Rb1 Nc4+ 27. Ke1 b5 28. Kd1 Ne3+ 29. Kd2 Nxc2 30. Rb2 Nxd4 31. e3 Nb3+ 32. Ke2 Nc5 33. Kf2 Nd3+ 0-1

[Event "Titled Tuesday intern op 26th Dec Early"]
[Site "Chess.com INT"]
[Date "2023.12.26"]
[Round "7"]
[White "Biriukov, Ilja"]
[Black "Topalov, Aleksandar"]
[Result "0-1"]
[WhiteElo "2311"]
[BlackElo "2233"]
[PlyCount "80"]
[EventDate "2023.12.26"]
[EventType "swiss (blitz)"]
[EventRounds "11"]
[EventCountry "USA"]
[SourceTitle "EXT 2025"]
[Source "ChessBase"]
[SourceDate "2024.10.14"]
[SourceVersion "1"]
[SourceVersionDate "2024.10.14"]
[SourceQuality "1"]

1. d4 Nf6 2. Nc3 d5 3. Bf4 Bf5 4. Qd2 c6 5. 0-0-0 Nbd7 6. f3 h5 7. e3 e6 8. Bd3 Bxd3 9. Qxd3 Qa5 10. Nge2 b5 11. a3 b4 12. Nb1 c5 13. dxc5 Nxc5 14. Qd2 Rc8 15. Nd4 Ncd7 16. axb4 Bxb4 17. c3 e5 18. Nf5 exf4 19. Nxg7+ Kf8 20. Nf5 fxe3 21. Qxe3 Bc5 22. Qg5 Rh7 23. Rhe1 Rb8 24. Re2 Qb5 25. Rde1 a5 26. g4 a4 27. gxh5 a3 28. Nxa3 Bxa3 29. bxa3 Qb1+ 30. Kd2 Qb2+ 31. Ke3 Qxc3+ 32. Kf2 Qxa3 33. Re3 Rb2+ 34. Kg3 Qa8 35. Re7 Qb8+ 36. f4 Nxh5+ 37. Qxh5 Rxh5 38. Rxd7 Rbxh2 39. Ree7 Qb3+ 40. Kg4 Qh3# 0-1

[Event "Titled Tuesday intern op 26th Dec Early"]
[Site "Chess.com INT"]
[Date "2023.12.26"]
[Round "11"]
[White "Rodriguez Avila, Alvaro"]
[Black "Biriukov, Ilja"]
[Result "1/2-1/2"]
[WhiteElo "2176"]
[BlackElo "2311"]
[PlyCount "26"]
[EventDate "2023.12.26"]
[EventType "swiss (blitz)"]
[EventRounds "11"]
[EventCountry "USA"]
[SourceTitle "EXT 2025"]
[Source "ChessBase"]
[SourceDate "2024.10.14"]
[SourceVersion "1"]
[SourceVersionDate "2024.10.14"]
[SourceQuality "1"]

1. e4 e6 2. d4 d5 3. e5 c5 4. c3 Nc6 5. Nf3 Qb6 6. Bd3 cxd4 7. 0-0 Nh6 8. cxd4 Bd7 9. Bc2 Nf5 10. Bxf5 exf5 11. Nc3 Be6 12. a3 h6 13. b4 g5 1/2-1/2

[Event "Titled Tuesday intern op 05th Dec Early"]
[Site "Chess.com INT"]
[Date "2023.12.05"]
[Round "10"]
[White "Biriukov, Ilja"]
[Black "Zampronha, Wladimir Camilo"]
[Result "0-1"]
[WhiteElo "2311"]
[BlackElo "2121"]
[PlyCount "92"]
[EventDate "2023.12.05"]
[EventType "swiss (blitz)"]
[EventRounds "11"]
[EventCountry "USA"]
[SourceTitle "EXT 2025"]
[Source "ChessBase"]
[SourceDate "2024.10.14"]
[SourceVersion "1"]
[SourceVersionDate "2024.10.14"]
[SourceQuality "1"]

1. d4 Nf6 2. Nc3 d5 3. Bf4 a6 4. Qd2 e6 5. f3 c5 6. e3 cxd4 7. exd4 Nc6 8. g4 Bd6 9. Nh3 0-0 10. 0-0-0 b5 11. Bd3 Bb7 12. g5 Nh5 13. Bxd6 Qxd6 14. f4 g6 15. Be2 Ng7 16. Bg4 Rac8 17. Kb1 Rc7 18. Ne2 Rfc8 19. Nf2 Ne7 20. c3 a5 21. h4 b4 22. h5 Ba6 23. hxg6 hxg6 24. Nd3 Bxd3+ 25. Qxd3 bxc3 26. Nxc3 Qb4 27. Qh3 Kf8 28. Rd3 a4 29. a3 Qb3 30. Bd1 Qb6 31. Nxa4 Qa5 32. Nc5 Rb8 33. Rb3 Rxb3 34. Qxb3 Qd2 35. Qb8+ Ne8 36. Rh8+ Ng8 37. Rxg8+ Kxg8 38. Qxe8+ Kg7 39. Qa4 Qxf4 40. Qb4 Qxg5 41. Bb3 Qe7 42. Qd2 e5 43. Nd3 exd4 44. Nb4 Rd7 45. Qxd4+ Qf6 46. Nxd5 Qxd4 0-1

[Event "Titled Tuesday intern op 28th Nov Early"]
[Site "Chess.com INT"]
[Date "2023.11.28"]
[Round "3"]
[White "Biriukov, Ilja"]
[Black "Gong, Qianyun"]
[Result "0-1"]
[WhiteElo "2311"]
[BlackElo "2263"]
[PlyCount "100"]
[EventDate "2023.11.28"]
[EventType "swiss (blitz)"]
[EventRounds "11"]
[EventCountry "USA"]
[SourceTitle "EXT 2025"]
[Source "ChessBase"]
[SourceDate "2024.10.14"]
[SourceVersion "1"]
[SourceVersionDate "2024.10.14"]
[SourceQuality "1"]

1. d4 d5 2. Nc3 c6 3. Bf4 Nf6 4. Qd2 Bf5 5. 0-0-0 e6 6. f3 b5 7. g4 Bg6 8. h4 h5 9. g5 Nfd7 10. e4 b4 11. Na4 dxe4 12. fxe4 Bxe4 13. Rh3 Qa5 14. b3 Nb6 15. Re3 Nxa4 16. bxa4 Bd5 17. c4 bxc3 18. Qxc3 Bb4 19. Qb2 Nd7 20. Nf3 0-0 21. Ne5 Nxe5 22. Bxe5 Qxa4 23. a3 Be7 24. Be2 Rfc8 25. Rc3 c5 26. dxc5 Rxc5 27. Rxc5 Bxc5 28. Rd3 Rc8 29. Kd2 Qxh4 30. Bxg7 Qxg5+ 31. Kd1 Qxg7 32. Qxg7+ Kxg7 33. Bxh5 f5 34. Rg3+ Kf6 35. Rg6+ Ke5 36. Rg7 Bd4 37. Be2 Bb3+ 38. Ke1 Rc1+ 39. Bd1 Rxd1+ 40. Ke2 Ra1 41. a4 Ra2+ 42. Kd3 Bc2+ 43. Ke2 Be4+ 44. Kd1 Rxa4 45. Ke1 Be3 46. Ke2 Kf4 47. Ke1 Ra1+ 48. Ke2 Ra2+ 49. Ke1 Bf3 50. Rg4+ fxg4 0-1

[Event "Titled Tuesday intern op 28th Nov Early"]
[Site "Chess.com INT"]
[Date "2023.11.28"]
[Round "7"]
[White "Biriukov, Ilja"]
[Black "Prydun, Andriy"]
[Result "0-1"]
[WhiteElo "2311"]
[BlackElo "2159"]
[PlyCount "92"]
[EventDate "2023.11.28"]
[EventType "swiss (blitz)"]
[EventRounds "11"]
[EventCountry "USA"]
[SourceTitle "EXT 2025"]
[Source "ChessBase"]
[SourceDate "2024.10.14"]
[SourceVersion "1"]
[SourceVersionDate "2024.10.14"]
[SourceQuality "1"]

1. d4 Nf6 2. Nc3 d5 3. Bf4 Nc6 4. Nb5 e5 5. dxe5 Nh5 6. e3 Nxf4 7. exf4 d4 8. Nf3 Bc5 9. c3 Bg4 10. cxd4 Bxf3 11. gxf3 Nxd4 12. Nxd4 Qxd4 13. Qxd4 Bxd4 14. Rb1 Ke7 15. Bd3 f6 16. exf6+ Kxf6 17. Be4 c6 18. 0-0 Rhd8 19. Rfd1 Rd7 20. b3 Rf8 21. Rd3 g6 22. Rbd1 Rfd8 23. Kf1 a5 24. Ke2 c5 25. a4 Rf8 26. Kf1 Kg7 27. Ke2 Rxf4 28. Kf1 Kf6 29. Kg2 Ke7 30. Kg3 Rf6 31. h3 Rb6 32. Kg2 Rdd6 33. Kg3 Rb4 34. Kg2 b5 35. axb5 Rxb5 36. Kg3 Ke6 37. Kg2 Rdb6 38. Rb1 a4 39. Rd2 axb3 40. Re2 Kf6 41. Bd3 Rb4 42. f4 c4 43. Be4 c3 44. Bd5 c2 45. Rc1 b2 46. Rcxc2 b1Q 0-1

[Event "Titled Tuesday intern op 28th Nov Early"]
[Site "Chess.com INT"]
[Date "2023.11.28"]
[Round "11"]
[White "Clawitter, Craig"]
[Black "Biriukov, Ilja"]
[Result "1-0"]
[WhiteElo "2050"]
[BlackElo "2311"]
[PlyCount "43"]
[EventDate "2023.11.28"]
[EventType "swiss (blitz)"]
[EventRounds "11"]
[EventCountry "USA"]
[SourceTitle "EXT 2025"]
[Source "ChessBase"]
[SourceDate "2024.10.14"]
[SourceVersion "1"]
[SourceVersionDate "2024.10.14"]
[SourceQuality "1"]

1. e4 e6 2. d4 d5 3. e5 c5 4. c3 Nc6 5. Nf3 Qb6 6. a3 Nh6 7. b4 cxd4 8. cxd4 Nf5 9. Be3 f6 10. exf6 gxf6 11. Bd3 Nd6 12. 0-0 Bd7 13. Nc3 Nc4 14. Bxc4 dxc4 15. d5 Qd8 16. dxc6 Bxc6 17. Nd4 Bd5 18. Qh5+ Ke7 19. Rad1 Rg8 20. Nf5+ exf5 21. Nxd5+ Ke6 22. Nf4+ 1-0

[Event "Titled Tuesday intern op 28th Nov Early"]
[Site "Chess.com INT"]
[Date "2023.11.28"]
[Round "2"]
[White "Kanyamarala, Trisha"]
[Black "Biriukov, Ilja"]
[Result "0-1"]
[WhiteElo "2181"]
[BlackElo "2311"]
[PlyCount "90"]
[EventDate "2023.11.28"]
[EventType "swiss (blitz)"]
[EventRounds "11"]
[EventCountry "USA"]
[SourceTitle "EXT 2025"]
[Source "ChessBase"]
[SourceDate "2024.10.14"]
[SourceVersion "1"]
[SourceVersionDate "2024.10.14"]
[SourceQuality "1"]

1. d4 d5 2. Nf3 c5 3. c3 Nc6 4. Bf4 Qb6 5. Qd2 Nf6 6. dxc5 Qxc5 7. e3 Ne4 8. Qc2 f6 9. Bd3 e5 10. Bxe4 dxe4 11. Qxe4 f5 12. Qa4 exf4 13. 0-0 fxe3 14. fxe3 Be7 15. Nbd2 0-0 16. Qb3+ Kh8 17. Kh1 Na5 18. Qc2 Be6 19. b4 Qc7 20. bxa5 Rac8 21. Nd4 Bd7 22. c4 g6 23. e4 Bf6 24. N2b3 Qxc4 25. Qd1 Ba4 26. Rc1 Bxb3 27. Nxb3 Qxe4 28. Rxc8 Rxc8 29. Qd7 Qc6 30. Qf7 Bg7 31. h3 Rc7 32. Nd4 Rxf7 33. Nxc6 bxc6 34. Rc1 Rc7 35. a6 c5 36. Rb1 Be5 37. Rb8+ Kg7 38. Rb7 Kf6 39. Kg1 c4 40. Kf1 c3 41. Ke2 c2 42. Rxc7 Bxc7 43. Kd2 Ke6 44. Kxc2 Kd6 45. Kd3 Kc6 0-1

[Event "Titled Tuesday intern op 04th Jul Early"]
[Site "Chess.com INT"]
[Date "2023.07.04"]
[Round "3"]
[White "Biriukov, Ilja"]
[Black "Kirillov, Dmitry1"]
[Result "0-1"]
[WhiteElo "2311"]
[BlackElo "2206"]
[PlyCount "84"]
[EventDate "2023.07.04"]
[EventType "swiss (blitz)"]
[EventRounds "11"]
[EventCountry "USA"]
[SourceTitle "EXT 2024"]
[Source "ChessBase"]
[SourceDate "2023.10.10"]
[SourceVersion "1"]
[SourceVersionDate "2023.10.10"]
[SourceQuality "1"]

1. c4 e5 2. Nc3 Nf6 3. d3 d5 4. cxd5 Nxd5 5. g3 Nc6 6. Bg2 Nb6 7. Nf3 Be7 8. 0-0 0-0 9. a3 Be6 10. Be3 Re8 11. b4 f6 12. Qc2 Bf8 13. Nd2 Nd4 14. Bxd4 exd4 15. Na4 Nxa4 16. Qxa4 Bd5 17. Rfe1 Bxg2 18. Kxg2 Qd5+ 19. Nf3 c6 20. Qc2 a5 21. Qb2 axb4 22. axb4 Rad8 23. Rab1 h5 24. h4 g5 25. hxg5 fxg5 26. Qb3 g4 27. Qxd5+ Rxd5 28. Nd2 Rb5 29. Ne4 Kf7 30. Rh1 Ree5 31. f4 gxf3+ 32. exf3 Rxb4 33. Rxb4 Bxb4 34. f4 Ra5 35. Ng5+ Kg6 36. Ne6 Bc3 37. Kf3 Ra2 38. g4 hxg4+ 39. Kxg4 Rg2+ 40. Kf3 Rd2 41. Ke4 Re2+ 42. Kf3 Rxe6 0-1

[Event "Titled Tuesday intern op 04th Jul Early"]
[Site "Chess.com INT"]
[Date "2023.07.04"]
[Round "10"]
[White "Kiseleva, Arina"]
[Black "Biriukov, Ilja"]
[Result "0-1"]
[WhiteElo "1962"]
[BlackElo "2311"]
[PlyCount "102"]
[EventDate "2023.07.04"]
[EventType "swiss (blitz)"]
[EventRounds "11"]
[EventCountry "USA"]
[SourceTitle "EXT 2024"]
[Source "ChessBase"]
[SourceDate "2023.10.10"]
[SourceVersion "1"]
[SourceVersionDate "2023.10.10"]
[SourceQuality "1"]

1. d4 Nf6 2. Nf3 g6 3. Nbd2 Bg7 4. e4 d6 5. c3 0-0 6. Bd3 Nbd7 7. 0-0 e5 8. Re1 c6 9. a4 Re8 10. Qb3 Nf8 11. a5 Qc7 12. h3 Be6 13. Bc4 Bxc4 14. Qxc4 exd4 15. cxd4 d5 16. exd5 Rxe1+ 17. Nxe1 Nxd5 18. Ndf3 Re8 19. Bd2 Ne6 20. Nd3 h5 21. b4 a6 22. Rc1 Qd6 23. Nc5 Qe7 24. Re1 Qc7 25. Nxe6 Rxe6 26. Rxe6 fxe6 27. Ng5 Qe7 28. h4 e5 29. dxe5 Bxe5 30. Be3 Bd6 31. g3 Bxb4 32. Bd4 Bd6 33. Bb2 Be5 34. Bc1 Bf6 35. Kg2 Qd7 36. Bd2 Kg7 37. Be1 Qe7 38. Qc1 Qe5 39. Bd2 Ne7 40. Nf3 Qd5 41. Bg5 Nf5 42. Bxf6+ Kxf6 43. Qb2+ Kf7 44. Qxb7+ Kf6 45. Qb2+ Kf7 46. Qb7+ Ke6 47. Qb2 c5 48. Qe2+ Kd7 49. Qxa6 Nd4 50. Qa7+ Ke6 51. Qb6+ Kf5 0-1